Australian geography by letter: K - Statistics

General Stats
  • This quiz has been taken 32 times
  • The average score is 6 of 11
Answer Stats
Hint Answer % Correct
Largest island in South Australia and a popular tourist destination Kangaroo Island
93%
Western Australian city that grew from the discovery of gold in 1893 Kalgoorlie
83%
National park roughly the size of El Salvador, and home to about 10,000 crocodiles Kakadu
77%
The northernmost region of Western Australia Kimberley
67%
Dacelo novaeguineae, the laughing jackass Kookaburra
63%
Town, and nearby river in the Northern Territory that flows through a magnificent chain of gorges Katherine
57%
Island in Bass Strait and the site of many shipwrecks King Island
57%
The peanut capital of Australia, don't you worry about that Kingaroy
43%
Market town in the Atherton Tablelands and terminus of the rainforest cableway Kuranda
40%
Western Australian town established to service the Ord River Irrigation Scheme Kununurra
27%
400 million-year-old gorge that is a sacred site and a tourist attraction in the southwest of the Northern Territory Kings Canyon
13%
No matching quizzes found
Score Distribution
Percent of People with Each Score
Percentile by Number Answered
Your Score History
You have not taken this quiz